Rare 2010's Kids shows by picture #2 - Statistics

General Stats
  • This quiz has been taken 45 times
  • The average score is 6 of 16
Answer Stats
Picture Answer % Correct
PJ Masks
75%
Octonauts
69%
Nicky, Ricky, Dicky and Dawn
67%
Team Umizoomi
58%
Craig of the Creek
47%
Andi Mack
44%
Shake it Up
44%
Peg and Cat
39%
Blaze and the Monster Machines
36%
Bizaardvark
33%
The Legend of Korra
31%
Sanjay and Craig
17%
Coop and Cami Ask the World
14%
Rabbids Invasion
11%
Planet Sheen
8%
Mater's Tales
3%
No matching quizzes found
Score Distribution
Percent of People with Each Score
Percentile by Number Answered
Your Score History
You have not taken this quiz